000 01298nam a2200325 a 4500
001 ebr10681056
003 CaPaEBR
006 m u
007 cr cn|||||||||
008 100708s2011 nyua sb 001 0 eng d
010 _z 2010026199
020 _z9781617289286 (hardcover)
020 _z9781617611452 (e-book)
040 _aCaPaEBR
_cCaPaEBR
035 _a(OCoLC)775351844
050 1 4 _aQD181.Y1
_bY78 2011eb
082 0 4 _a546/.403
_222
245 0 0 _aYttrium
_h[electronic resource] :
_bcompounds, production and applications /
_cBradley D. Volkerts, editor.
260 _aHauppauge, N.Y. :
_bNova Science Publishers,
_cc2011.
300 _axi, 278 p. :
_bill. (some col.).
490 1 _aMaterials science and technologies
504 _aIncludes bibliographical references and index.
533 _aElectronic reproduction.
_bPalo Alto, Calif. :
_cebrary,
_d2013.
_nAvailable via World Wide Web.
_nAccess may be limited to ebrary affiliated libraries.
650 0 _aYttrium.
655 7 _aElectronic books.
_2local
700 1 _aVolkerts, Bradley D.
710 2 _aebrary, Inc.
830 0 _aMaterials science and technologies series.
856 4 0 _uhttp://site.ebrary.com/lib/rucke/Doc?id=10681056
_zAn electronic book accessible through the World Wide Web; click to view
999 _c157153
_d157153